| 000 | 00353nam a2200145Ia 4500 | ||
|---|---|---|---|
| 005 | 20251222144836.0 | ||
| 008 | 251222s9999||||xx |||||||||||||| ||spa|| | ||
| 020 | _a8437601851 | ||
| 082 | _a863.62/U53 | ||
| 100 | _aUnamuno, Miguel de | ||
| 245 | 0 | _aSan Manuel Bueno, Mártir | |
| 250 | _a15a.ed. | ||
| 264 | _bEdiciones Cátedra, S.A. | ||
| 942 | _cLIB | ||
| 999 |
_c21041 _d21041 |
||